000 00717nam a2200229Ia 4500
003 OSt
005 20220923221836.0
006 a|||||r|||| 00| 0
007 ta
008 220922b |||||||| |||| 00| 0 hin d
024 _a200,402
037 _cTextual
040 _aARTS
_cARTS
_bhin
041 _2hin
_ahin
082 _aQ414:210Y1, 152L0
100 _aश्याम प्रकाश
_9156318
245 0 _aदिव्यावदान में संस्कृति का स्वरुप
246 _aDivyāvadān mean sanskṛuti kā svarupa
260 _c1970
942 _hQ414:210Y1, 152L0
_cTEXL
_2CC
999 _c352074
_d352074